000 00664nam a2200229 a 4500
999 _c3756
_d3756
001 3756
003 BD-JhCC
005 20180306191843.0
008 171118s1961 196a|||| ||a| 000 0 ben d
035 _a(BD-JhCC)3756
040 _aBD-JhCC
_dBD-JhCC
041 _aben
082 _a780.1
_bABA 1969
100 _aআব্বাসউদ্দীন
245 _aআব্বাসউদ্দীনের গান /
_cআব্বাসউদ্দীন
260 _aঢাকা :
_bষ্টুডেন্ট ওয়েজ,
_c1969
300 _a177 p. :
_c24 cm.
650 _aBengali Song
650 _aMusic
942 _2ddc
_cBK